| 000 | 01616nam a2200385 i 4500 | ||
|---|---|---|---|
| 001 | 193714 | ||
| 003 | ES-MaACL | ||
| 005 | 20240209063131.0 | ||
| 007 | ta | ||
| 008 | 240207s1910||||fr a freb 000 0 fre d | ||
| 035 | _a(OCoLC)458442933 | ||
| 035 | _aSU011512270001P | ||
| 035 | _a105917664 | ||
| 040 |
_aABES _bfre _eAFNOR _cES-MaACL |
||
| 080 | _2621.3 | ||
| 100 |
_aBergeon, Paul _9235048 _eaut |
||
| 245 | 1 | 0 |
_aLignes aériennes. _n(Première partie) / _cpar P. Bergeon,... ; avec préface de L. Barbillion,.... |
| 264 | 1 |
_aParis : _bLibrairie des Sciences et de l'industrie : _bL. Geisler, imprimeur-éditeur, _c1911. |
|
| 300 |
_aVI-79 páginas ; _bfiguras ; _c25 cm. |
||
| 336 |
_btxt _2rdacontent _atexto |
||
| 337 |
_bn _2rdamedia _asin mediación |
||
| 337 |
_bn _2isbdmedia _asin mediación |
||
| 338 |
_bnga _2RDAfrCarrier _avolumen |
||
| 490 | 1 |
_aEncyclopédie électrotechnique ; _v26e Fascicule |
|
| 504 | _aNotes bibliogr. en bas de page. | ||
| 650 | 4 |
_aLíneas eléctricas _914461 |
|
| 700 |
_aBarbillion, Louis, _d1873-1945 _9235043 _eaut |
||
| 760 | 0 |
_tEncyclopédie électrotechnique / par un comité d'Ingénieurs spécialistes / M. F. Loppé,... _dParis : L. Geisler, 1907?-1918 _h54 fasc. _w(ABES)139541152 |
|
| 830 |
_aEncyclopédie électrotechnique _9235039 _v26 |
||
| 852 |
_aES-MaACL _bR.M.8243 _cSVI _9 201242 _jD-8697 _fSello en tinta en portada: "Ateneo de Madrid. Biblioteca" _xSin encuadernar |
||
| 886 | 2 |
_2unimarc _a181 _ai# _bxxxe## |
|
| 942 |
_n0 _cMONOGRAFIA |
||
| 999 |
_c193714 _d193714 |
||